Eponym Dictionary of Fishes (Record no. 1237911)

MARC details
000 -LEADER
fixed length control field 00849nam a2200277Ia 4500
003 - CONTROL NUMBER IDENTIFIER
control field OSt
005 - DATE AND TIME OF LATEST TRANSACTION
control field 20260211114501.0
008 - FIXED-LENGTH DATA ELEMENTS--GENERAL INFORMATION
fixed length control field 008 250103s9999 xx 000 0 eng d
020 ## - INTERNATIONAL STANDARD BOOK NUMBER
International Standard Book Number 9781849954983
037 ## - SOURCE OF ACQUISITION
Stock number Reference Collections
040 ## - CATALOGING SOURCE
Original cataloging agency CSL
Language of cataloging eng
Transcribing agency CSL
041 ## - LANGUAGE CODE
Language code of text/sound track or separate title eng
Source of code eng
084 ## - COLON CLASSIFICATION NUMBER
Classification number K92k R3 RR
Assigning agency CSL
100 ## - MAIN ENTRY--PERSONAL NAME
Personal name Beolens, Bo
9 (RLIN) 731997
245 #0 - TITLE STATEMENT
Title Eponym Dictionary of Fishes
Statement of responsibility, etc. / by Bo Beolens, Michael Grayson and Michael Watkins
260 ## - PUBLICATION, DISTRIBUTION, ETC.
Place of publication, distribution, etc. Scotland :
Name of publisher, distributor, etc. Whittles Publishing ,
Date of publication, distribution, etc. 2023 .
300 ## - PHYSICAL DESCRIPTION
Extent xiv, 1463 p.
Other physical details : ill.
600 ## - SUBJECT ADDED ENTRY--PERSONAL NAME
Source of heading or term Dictionary
600 ## - SUBJECT ADDED ENTRY--PERSONAL NAME
Source of heading or term Fishes
650 ## - SUBJECT ADDED ENTRY--TOPICAL TERM
Topical term or geographic name entry element fishes
9 (RLIN) 599334
650 ## - SUBJECT ADDED ENTRY--TOPICAL TERM
Topical term or geographic name entry element Zoology
9 (RLIN) 1115081
700 ## - ADDED ENTRY--PERSONAL NAME
Personal name Grayson, Michael
9 (RLIN) 734287
700 ## - ADDED ENTRY--PERSONAL NAME
Personal name Watkins, Michael
9 (RLIN) 734288
942 ## - ADDED ENTRY ELEMENTS (KOHA)
Koha item type Reference
Classification part K92k R3 RR
Source of classification or shelving scheme Colon Classification (CC)
Suppress in OPAC No
Holdings
Withdrawn status Lost status Damaged status Not for loan Home library Current library Date acquired Source of acquisition Inventory number Total Checkouts Full call number Barcode Date last seen Price effective from Koha item type
        Central Science Library Central Science Library 2025-01-17 Deepika Book Agency 117, 02/02/2024   K92k R3 RR SL1655861 2025-01-17 2025-01-17 Reference
Copyright @ Delhi University Library System